000 01313nam2a22002531 4500
001 RU\NLR\INFOCOMM5\1000326301
005 20250617153746.0
035 _a(NLR Aleph) 002750849
090 _a2140510
_c2140510
100 _a20040318d1968 |||y0rusy50 ca
101 0 _arus
102 _aRU
105 _ay |||||||||
200 1 _aЛитология и палеография олигоценовой эпохи на юге Европейской части СССР и в Северном Закаспии
_fВ.М. Муравленко
210 _d1968
_aБ. м.
461 0 _1001RU\NLR\INFOCOMM5\1000326298
_12001#$aГеология месторождений твердых полезных ископаемых$fМ-во геологии СССР. Всесоюз. науч.-исслед. ин-т минер. сырья ВИМС$vВып.3
_92140483
_cМ.
_d1966-
_fМ-во геологии СССР. Всесоюз. науч.-исслед. ин-т минер. сырья ВИМС
_nНедра
_tГеология месторождений твердых полезных ископаемых
_vВып.3
700 1 _aМуравленко
_bВ.М.
_4070
801 1 _aRU
_bInfoComm
_c20040318
801 0 _aRU
_bNLR
_gPSBO
852 _aNLR
_jП7/1127
942 _cISSUE
980 _aNB
980 _aRUSPER